• 首页
  • 本馆介绍
  • 公告通知
  • 最新文献
  • 馆藏检索
  • 电子资源
  • 读者导购
  • 参考咨询
  • 我的图书馆
  • 登录
  • 详细信息显示
  • 放入我的书架
  • 预约/预借图书
  • 作者相关作品
  • 分类相关作品
  • 丛书相关作品
  • 出版社相关作品

书目信息

  • 表格格式
  • 工作单格式
  • 卡片格式
题名:
中国现代广播简史
    
 
作者: 赵玉明 著
分册:  
出版信息: 北京   中国广播电视出版社  2001
页数: 303页
开本: 20cm
丛书名:
单 册:
中图分类: G229.296
科图分类:
主题词: 广播工作--新闻事业史--中国--1923~1949--高等学校--教材 , CT--S028269--广播工作 , CT--S902874--新闻事业史
电子资源:
ISBN: 7-5043-0047-0
000 00917nam0 2200277 45
001 012001047383
005 20091207095709.98
010    @a7-5043-0047-0@dCNY18.00
100    @a20010710d2001 em y0chiy0121 ea
101 0  @achi
102    @aCN@b110000
105    @ay z 000yy
106    @ar
200 1  @a中国现代广播简史@9zhong guo xian dai guang bo jian shi@e1923~1949@f赵玉明著
205    @a修订版
210    @a北京@c中国广播电视出版社@d2001
215    @a303页@d20cm
300    @a广播电视新闻系列教材
330    @a本书是中国历史上第一部比较系统、全面地记述1923年到1949年间中国广播事业发展的专著,丰富了中国新闻史的内容。
606 0  @a广播工作@x新闻事业史@y中国@z1923~1949@x高等学校@j教材
606 0  @2CT@3S028269@a广播工作
606 0  @2CT@3S902874@a新闻事业史
690    @aG229.296@v4
701  0 @a赵玉明@9zhao yu ming@4著
801  0 @aCN@bNLC@c20091207
905    @b20796994-98@dG229.296@e70@f5
    
    中国现代广播简史:1923~1949/赵玉明著.-修订版.-北京:中国广播电视出版社,2001
    303页;20cm
    广播电视新闻系列教材
    
    ISBN 7-5043-0047-0:CNY18.00
    本书是中国历史上第一部比较系统、全面地记述1923年到1949年间中国广播事业发展的专著,丰富了中国新闻史的内容。
●
相关链接 在E读中查询图书 在五车中查询图书 在当当中查询图书 在豆瓣中查询图书


正题名:中国现代广播简史     索取号:G229.296/70         预约/预借

序号 登录号 条形码 馆藏地/架位号 状态 备注
1 796994   207969947   第一样本阅览室/ [索取号:G229.296/70] 在馆    
2 796995   207969956   第四借阅区/ [索取号:G229.296/70] 在馆    
3 796996   207969965   第四借阅区/ [索取号:G229.296/70] 在馆    
4 796997   207969974   第四借阅区/ [索取号:G229.296/70] 在馆    
5 796998   207969983   密集书库-文学院/ [索取号:G229.296/70] 在馆    
唐山师范学院图书馆 欢迎您!
大连网信软件有限公司© 版权所有